000 01056nam a22002537a 4500
001 BD-DhSAU 8528
003 BD-DhSAU
005 20181223124246.0
008 150612b2008 bg a|||| m||| 00| 0 eng d
040 _aBD-DhSAU
082 _222
_a..
_b..
100 _aTarique, Hasan Mohammad
_eRegistration # 06-02151
245 _aEffect of genotype media and explants on microprogation of sugarcane /
_bMS thesis
_cHasan Mohammad Tarique
260 _aSher-e-Bangla Agricultural University :
_bDepartment of Genetics & Plant Breeding,
_c2008.
300 _aviii, 41 p. :
_bill. ;
_c29 cm.
500 _aMS thesis of Department of Genetics & Plant Breeding, Faculty of Agriculture, Sher-e-Bangla Agricultural University, Dhaka, Bangladesh
504 _aIncludes bibliographical reference.
590 _aJerin
650 _aGenetics & Plant Breeding
700 _aMannan, Abdul
_eSuperviser
700 _aCo-superviser
_eCo-superviser
856 _uhttp://archive.saulibrary.edu.bd:8080/xmlui/handle/123456789/659
942 _2ddc
_cTHESIS
999 _c8528
_d8528